Advanced Human Resource Management: Strategic Perspective (Record no. 211)

MARC details
000 -LEADER
fixed length control field 00341nam a2200133Ia 4500
003 - CONTROL NUMBER IDENTIFIER
control field OSt
008 - FIXED-LENGTH DATA ELEMENTS--GENERAL INFORMATION
fixed length control field 201014b ||||| |||| 00| 0 eng d
020 ## - INTERNATIONAL STANDARD BOOK NUMBER
International Standard Book Number 9788180521935
100 ## - MAIN ENTRY--PERSONAL NAME
Personal name GUPTA, S. C.
245 ## - TITLE STATEMENT
Title Advanced Human Resource Management: Strategic Perspective
260 ## - PUBLICATION, DISTRIBUTION, ETC. (IMPRINT)
Place of publication, distribution, etc New Delhi
Name of publisher, distributor, etc ANE Books
300 ## - PHYSICAL DESCRIPTION
Extent 472 pages
942 ## - ADDED ENTRY ELEMENTS (KOHA)
Source of classification or shelving scheme Dewey Decimal Classification
Koha item type Text Books
Holdings
Withdrawn status Lost status Source of classification or shelving scheme Damaged status Not for loan Collection code Home library Current library Date acquired Source of acquisition Bill Number Total Checkouts Full call number Acc. no. / Barcode Date last seen Bill Date Koha item type Public note Cost, normal purchase price Date last borrowed Checked out
    Dewey Decimal Classification     MBA PIET C-LIBRARY PIET C-LIBRARY 27/09/2014 Donated by Priyanka Sahgal Donated by Priyanka Sahgal   658.3 GUA 24993 04/12/2019 16/08/2014 Text Books Donated by Priyanka Sahgal      
    Dewey Decimal Classification     BBA PIET C-LIBRARY PIET C-LIBRARY 30/07/2011 The book company IN-859 1 658.3 GUA 17866 18/06/2025 27/07/2011 Text Books   350.00 05/06/2025  
    Dewey Decimal Classification     BBA PIET C-LIBRARY PIET C-LIBRARY 30/07/2011 The book company IN-859 1 658.3 GUA 17867 22/01/2022 27/07/2011 Text Books . 350.00 22/01/2022 21/07/2022
    Dewey Decimal Classification     BBA PIET C-LIBRARY PIET C-LIBRARY 30/07/2011 The book company IN-859   658.3 GUA 17868 04/12/2019 27/07/2011 Text Books   350.00    
    Dewey Decimal Classification     BBA PIET C-LIBRARY PIET C-LIBRARY 30/07/2011 The book company IN-859   658.3 GUA 17869 04/12/2019 27/07/2011 Text Books   350.00    
    Dewey Decimal Classification     BBA PIET C-LIBRARY PIET C-LIBRARY 30/07/2011 The book company IN-859 2 658.3 GUA 17870 18/06/2025 27/07/2011 Text Books   350.00 03/06/2025  

Design & Developed by: PIET Central Library
R70 Miles Stone Pattikalyana Samalkha Panipat 132102
mail ID :- [email protected], Phone No:- 0180-2569700 Ex.216